Campaña de protección de aves insectívoras
Publicado:
San Jorge, núm. 77 (1r trimestre 1970), pàg 67 :
MARC
| LEADER | 00000nam a2200000Ia 4500 | ||
|---|---|---|---|
| 001 | |||
| 008 | 160829s9999 xx 000 0 cat d | ||
| 245 | |a Campaña de protección de aves insectívoras | ||
| 260 | |a San Jorge, núm. 77 (1r trimestre 1970), pàg 67 | ||
| 650 | |a Ocells |x Protecció |9 40509 | ||
| 650 | 0 | |a Medi ambient |x Protecció |9 34273 | |
| 650 | 0 | |a Congressos i conferències |9 48301 | |
| 650 | |a Ceballos Jiménez, Pedro |9 40511 | ||
| 901 | |a Arxiu | ||
| 942 | |n 1 | ||
| 952 | |0 0 |1 0 |4 0 |7 1 |9 49754 |a Arxiu |b Arxiu |d 2016-12-01 |l 0 |r 2016-12-01 00:00:00 |w 2016-12-01 |y ARXIU | ||
| 999 | |c 53596 |d 53596 | ||